Los transistores en audio-frecuencia / (Record no. 64550)

MARC details
000 -LEADER
campo de control de longitud fija 00644nam a2200181 i 4500
001 - NÚMERO DE CONTROL
campo de control 64550
003 - IDENTIFICADOR DE NÚMERO DE CONTROL
campo de control ES-MaACL
005 - FECHA Y HORA DE LA ÚLTIMA TRANSACCIÓN
campo de control 20230906165145.0
007 - CAMPO FIJO DE DESCRIPCIÓN FÍSICA--INFORMACIÓN GENERAL
campo de control de longitud fija t|
008 - DATOS DE LONGITUD FIJA--INFORMACIÓN GENERAL
campo de control de longitud fija 031229s1968 sp ||||1| spa d
100 1# - ENTRADA PRINCIPAL--NOMBRE DE PERSONA
Nombre de persona Fontaine, Guy.
9 (RLIN) 51580
245 14 - MENCIÓN DEL TÍTULO
Título Los transistores en audio-frecuencia /
Mención de responsabilidad, etc. G. Fontaine ; [traducido por José Vázquez de Abarrategui y Eugenio Zapardiel Sánchez Moncayo].
260 ## - PUBLICACIÓN, DISTRIBUCIÓN, ETC.
Lugar de publicación, distribución, etc. Madrid :
Nombre del editor, distribuidor, etc. [Paraninfo,
Fecha de publicación, distribución, etc. 1968]
300 ## - DESCRIPCIÓN FÍSICA
Extensión 397 p., 96 lám. :
Otras características físicas il. ;
Dimensiones 21 cm.
700 1# - ENTRADA AGREGADA--NOMBRE PERSONAL
Nombre de persona Vázquez de Abarrategui, José.
9 (RLIN) 113410
700 1# - ENTRADA AGREGADA--NOMBRE PERSONAL
Nombre de persona Zapardiel Sánchez Moncayo, Eugenio.
9 (RLIN) 117986
852 ## - LOCALIZACIÓN
Ubicación ES-MaACL
Número de control de estantería C-34123
Sublocalización o colección R.65296
Holdings
Estatus retirado Estado de pérdida Estado de daño No para préstamo Biblioteca de origen Biblioteca actual Ubicación en estantería Fecha de adquisición Fuente de adquisición Total de préstamos Signatura topográfica completa Código de barras Visto por última vez Precio de reemplazo Tipo de ítem Koha
        Biblioteca del Ateneo de Madrid Biblioteca del Ateneo de Madrid Depósito 2 17/01/2008     C-34123 1067639 23/02/2023 23/02/2023 Libro impreso